Online katalóg knižníc regiónu Turca

Macko Puf (Record no. 21407)

MARC details
000 -LEADER
fixed length control field 02251cam a2200565 a 4500
001 - CONTROL NUMBER
control field 21407
003 - CONTROL NUMBER IDENTIFIER
control field VRT
005 - DATE AND TIME OF LATEST TRANSACTION
control field 20260228144548.0
008 - FIXED-LENGTH DATA ELEMENTS--GENERAL INFORMATION
fixed length control field 240226s1981 xo a br 000 j slo
015 ## - NATIONAL BIBLIOGRAPHY NUMBER
National bibliography number SNBA1981/05
020 ## - INTERNATIONAL STANDARD BOOK NUMBER
Qualifying information (viazané)
035 ## - SYSTEM CONTROL NUMBER
System control number SNK000044514
035 ## - SYSTEM CONTROL NUMBER
System control number E9F6B774-522A-4853-9D07-A4EA2C3C0AB1
035 ## - SYSTEM CONTROL NUMBER
System control number urn:nbn:sk:snk-am00iiel
039 #9 - LEVEL OF BIBLIOGRAPHIC CONTROL AND CODING DETAIL [OBSOLETE]
Level of rules in bibliographic description 202402261919
Level of effort used to assign nonsubject heading access points VLOAD
Level of effort used to assign subject headings 202305011816
Level of effort used to assign classification VLOAD
Level of effort used to assign subject headings 202304281416
Level of effort used to assign classification VLOAD
Level of effort used to assign subject headings 202205031048
Level of effort used to assign classification msnk24
040 ## - CATALOGING SOURCE
Original cataloging agency SNK
Language of cataloging slo
Transcribing agency SNK
Description conventions AACR2
041 1# - LANGUAGE CODE
Language code of text/sound track or separate title slo
Language code of original eng
044 ## - COUNTRY OF PUBLISHING/PRODUCING ENTITY CODE
MARC country code xo
ISO country code SK
072 #7 - SUBJECT CATEGORY CODE
Subject category code 821.111-3
Subject category code subdivision Anglická próza, anglicky písaná
Source konspekt
072 #7 - SUBJECT CATEGORY CODE
Subject category code 821-93
Subject category code subdivision Literatúra pre deti a mládež (beletria)
Source konspekt
080 ## - UNIVERSAL DECIMAL CLASSIFICATION NUMBER
Universal Decimal Classification number 820-3(087.5)
Edition identifier 1997
080 ## - UNIVERSAL DECIMAL CLASSIFICATION NUMBER
Universal Decimal Classification number 821.111-34
Edition identifier 2011
080 ## - UNIVERSAL DECIMAL CLASSIFICATION NUMBER
Universal Decimal Classification number 82-34:808.1
Edition identifier 2011
080 ## - UNIVERSAL DECIMAL CLASSIFICATION NUMBER
Universal Decimal Classification number 82-93-053.4/.5
Edition identifier 2011
100 1# - MAIN ENTRY--PERSONAL NAME
Personal name Milne, A. A.
Fuller form of name (Alan Alexander),
Dates associated with a name 1882-1956
Relationship aut
245 10 - TITLE STATEMENT
Title Macko Puf
Statement of responsibility, etc. Alan Alexander Milne ; [z anglických originálov Winnie-the-Pooh a The House at Pooh Corner ... preložila Margita Príbusová ; ilustroval Ladislav Nesselman]
250 ## - EDITION STATEMENT
Edition statement 1. úplné vyd.
260 ## - PUBLICATION, DISTRIBUTION, ETC.
Place of publication, distribution, etc. Bratislava
Name of publisher, distributor, etc. Mladé letá
Date of publication, distribution, etc. 1981
Place of manufacture Martin
Manufacturer Tlačiarne SNP
300 ## - PHYSICAL DESCRIPTION
Extent 286 strán
Other physical details farebné islustrácie
Dimensions 21 cm
366 ## - TRADE AVAILABILITY INFORMATION
Note 13000 výtl.
490 1# - SERIES STATEMENT
Series statement Klub mladých čitateľov
500 ## - GENERAL NOTE
General note Ilustrácia na frontispice
521 1# - TARGET AUDIENCE NOTE
Target audience note Pre čitateľov od 6 rokov
655 #7 - INDEX TERM--GENRE/FORM
Genre/form data or focus term anglické rozprávky
Source of term SNKPH
655 #7 - INDEX TERM--GENRE/FORM
Genre/form data or focus term autorské rozprávky
Source of term SNKPH
655 #7 - INDEX TERM--GENRE/FORM
Genre/form data or focus term literatúra pre deti
Source of term SNKPH
700 12 - ADDED ENTRY--PERSONAL NAME
Personal name Milne, A. A.
Fuller form of name (Alan Alexander),
Dates associated with a name 1882-1956
Title of a work Winnie-the-Pooh
Language of a work Slovensky
700 12 - ADDED ENTRY--PERSONAL NAME
Personal name Milne, A. A.
Fuller form of name (Alan Alexander),
Dates associated with a name 1882-1956
Title of a work The House at Pooh Corner
Language of a work Slovensky
700 1# - ADDED ENTRY--PERSONAL NAME
Personal name Príbusová, Margita,
Dates associated with a name 1919-1997
Relationship trl
700 1# - ADDED ENTRY--PERSONAL NAME
Personal name Nesselman, Ladislav,
Dates associated with a name 1927-1987
Relationship ill
830 #0 - SERIES ADDED ENTRY--UNIFORM TITLE
Uniform title Klub mladých čitateľov
910 ## - USER-OPTION DATA (OCLC)
User-option data snk
942 ## - ADDED ENTRY ELEMENTS (KOHA)
Source of classification or shelving scheme Dewey Decimal Classification
Koha item type Krásna literatúra pre deti
Suppress in OPAC No
949 ## - LOCAL PROCESSING INFORMATION (OCLC)
6 17A0433832
a snkSC 52313 D1
b snkKSP 3161/81
949 ## - LOCAL PROCESSING INFORMATION (OCLC)
6 4710702930
9 1
a strmkM
b strmk2008/2930
949 ## - LOCAL PROCESSING INFORMATION (OCLC)
6 4710702931
9 1
a strmkM
b strmk2008/2931
949 ## - LOCAL PROCESSING INFORMATION (OCLC)
6 270001000219407
a svkbbA 32302
b svkbbm 409604
949 ## - LOCAL PROCESSING INFORMATION (OCLC)
6 17A0853444
a snkSC 52313
b snkKSP 3160/81
s 6100:20220603
Holdings
Stav vyradenia Strata Poškodenie Spôsob nadobudnutia Domovská knižnica Aktuálna knižnica Dátum nadobudnutia Total checkouts Čiarový kód exemplára Date last seen Typ exemplára
      Dar Obecná knižnica Horná Štubňa Obecná knižnica Horná Štubňa 28.02.2026   4736201595 28.02.2026 Krásna literatúra pre deti
Projekt je podporený Slovenskou asociáciou knižníc
Prevádzkuje Turčianska knižnica Martin 2026